000 00601nam a2200193Ia 4500
003 GCL
008 140319s9999 xx 000 0 eng d
040 _aGCL /
_cGCL
082 0 4 _aCC
_b916.2
_bM M
100 1 _aMAQRIZI, TAQUI EL - DEEN
245 1 0 _aMAQRIZI DESCRIPTION TOPOGRAPHIQUE ET HISTORIQUE DE L'EGYPTE ( VOL 59 - 62 ) /
_cMAQRIZI, TAQUI EL - DEEN
700 1 _aBOURIAN, URLEAIN
260 _a[S.N] :
_bINSTITUTE FOR THE HISTORY OF ARABIC SCIE ،
_c1992
650 0 4 _aGEOGRAPHY
650 0 4 _aTOPOGRAPHY
650 0 4 _aGEOGRAPHY - EGYPT
650 0 4 _aTOPOGRAPHY - EGYPT
942 _2ddc
_cBK
999 _c16122
_d16122